Rasulullah S.A.W. sebagai hamba Allah, pemimpim, pendakwah, sahabat, bapa dan suami
Saved in:
| Main Author: | |
|---|---|
| Other Authors: | |
| Format: | Book |
| Published: |
Kuala LumpurlbAl-Hidayahlc1995
|
| Tags: |
Add Tag
No Tags, Be the first to tag this record!
|
| Call Number : | BP 75.3 M79 1995 |
MARC
| LEADER | 00000pam a2200000 4500 | ||
|---|---|---|---|
| 001 | 14693 | ||
| 003 | MY-KLNDU | ||
| 005 | 20241218060134.0 | ||
| 020 | 0 | 0 | |a 9839188240 |
| 035 | |a 0000006971 | ||
| 039 | 9 | |y 200910081626 |z VLOAD | |
| 090 | 0 | 0 | |a BP 75.3 |b M79 1995 |
| 100 | 1 | 0 | |a lh |
| 245 | 1 | 0 | |a Rasulullah S.A.W. sebagai hamba Allah, pemimpim, pendakwah, sahabat, bapa dan suami |c Penyusun Muhammad Syafique |
| 260 | 0 | 0 | |a Kuala LumpurlbAl-Hidayahlc1995 |
| 300 | |a ix,351p. |c 21cm | ||
| 700 | 1 | 1 | |a Muhammad syafique |
| 999 | |a vtls000014594 |c 14693 |d 14693 | ||


